Top 15 der betroffenen Covid-19-Länder - 24. Oktober - Statistiken

Allgemein
  • Dieses Quiz wurde 30 mal gespielt
  • Das Durchschnittsergebnis liegt bei 15 aus 25
Antwortstatistiken
Land % Korrekt
Brasilien
100%
Vereinigte Staaten
100%
Italien
97%
Spanien
97%
Frankreich
93%
Indien
86%
Mexiko
86%
Russland
86%
Argentinien
76%
Kolumbien
69%
Peru
69%
Vereinigtes Königreich
66%
Chile
59%
Chile
59%
Iran
55%
Belgien
48%
Südafrika
48%
Tschechien
34%
Israel
28%
Katar
24%
Kuwait
24%
Bahrain
21%
Panama
17%
Armenien
14%
Oman
7%
Keine übereinstimmenden Quizze gefunden
Verteilung der Resultate
Anzahl Personen mit jedem Resultat
Perzentil nach korrekt beantworteten Fragen
Ihre Resultats-Entwicklung
Sie haben dieses Quiz noch nicht gespielt